书目信息 |
| 题名: |
3ds max 6创意与设计应用100例
|
|
| 作者: | 杨亮明 , 李箐 , 邵谦谦 编著 | |
| 分册: | ||
| 出版信息: | 北京 电子工业出版社 2004.5 |
|
| 页数: | 432页 | |
| 开本: | 26cm | |
| 丛书名: | ||
| 单 册: | ||
| 中图分类: | TP391.41 | |
| 科图分类: | ||
| 主题词: | 三维--动画--图形软件, 3ds max 6 , 三椎 , 动画 | |
| 电子资源: | ||
| ISBN: | 7-5053-9469-X | |
| 000 | 00850nam0 2200277 45 | |
| 001 | 012004000000 | |
| 005 | 20041208152026.37 | |
| 010 | @a7-5053-9469-X@dCNY 45.00 | |
| 100 | @a20041110d2004 em y0chiy0121 ea | |
| 101 | 0 | @achi |
| 102 | @aCN@b110000 | |
| 105 | @aa z 000yy | |
| 200 | 1 | @a3ds max 6创意与设计应用100例@A3ds max 6 chuang yi yu she ji ying yong 100 li@f杨亮明, 李箐, 邵谦谦等编著 |
| 210 | @a北京@c电子工业出版社@d2004.5 | |
| 215 | @a432页@c图@d26cm@e附光盘1片 | |
| 307 | @a附光盘: ISBN 7-89496-385-2 | |
| 606 | 0 | @a三维@x动画@x图形软件, 3ds max 6 |
| 606 | 0 | @a三椎 |
| 606 | 0 | @a动画 |
| 610 | 1 | @a3ds max 6 |
| 690 | @aTP391.41@v4 | |
| 701 | 0 | @a杨亮明@Ayang liang ming@4编著 |
| 701 | 0 | @a李箐@Ali jing@4编著 |
| 701 | 0 | @a邵谦谦@Ashao qian qian@4编著 |
| 801 | 0 | @aCN@bQSSKxf@c20041208 |
| 905 | @a10447@dTP391.41@eY224 | |
| 3ds max 6创意与设计应用100例/杨亮明, 李箐, 邵谦谦等编著.-北京:电子工业出版社,2004.5 |
| 432页:图;26cm+附光盘1片 |
| ISBN 7-5053-9469-X:CNY 45.00 |
| ● |
| 相关链接 |
|
|
|
正题名:3ds max 6创意与设计应用100例
索取号:TP391.41/Y224
 
预约/预借
| 序号 | 登录号 | 条形码 | 馆藏地/架位号 | 状态 | 备注 |
| 1 | 431812 | 204318121 | 自科二线504/504自科库 29排1列3层/ [索取号:TP391.41/Y224] | 在馆 | |
| 2 | 431813 | 204318130 | 期刊室512/301自科库 65排5列5层/ [索取号:TP391.41/Y224] | 在馆 | |
| 3 | 431814 | 204318149 | 期刊室512/301自科库 68排1列1层/ [索取号:TP391.41/Y224] | 在馆 |